Profesores para Chile, historia de un proyecto
Saved in:
| Hovedforfatter: | |
|---|---|
| Format: | Bog |
| Sprog: | spansk |
| Udgivet: |
Santiago
Ministerio de Educación
2002
|
| Fag: | |
| Tags: |
Tilføj Tag
Ingen Tags, Vær først til at tagge denne postø!
|
MARC
| LEADER | 00000nam a2200000 a 4500 | ||
|---|---|---|---|
| 001 | UCM8656 | ||
| 003 | CL-VaPUC | ||
| 008 | 030321e20020000CL |||||||||||||||||spa|d | ||
| 082 | 0 | 4 | |a 371.1 |b AVA |2 21 |
| 100 | 0 | |a Avalos, Beatrice |e author |9 474779 | |
| 245 | 1 | 0 | |a Profesores para Chile, historia de un proyecto |
| 300 | |a 227 p | ||
| 942 | |c BK | ||
| 945 | |d 20030321 00:00:00 |a cmena | ||
| 260 | |a Santiago |b Ministerio de Educación |c 2002 | ||
| 650 | 0 | |a Formación profesional de profesores |9 307493 | |
| 650 | 0 | |a Capacitación docente |9 312871 | |
| 650 | 0 | |a Calidad docente |9 474780 | |
| 583 | |a last modification |c 20030321 00:00:00 |k Rodrigo Vera | ||
| 999 | |c 303114 |d 303112 | ||
| 952 | |0 0 |1 0 |4 0 |6 371_100000000000000_AVA_2002 |7 0 |8 A |9 364199 |a BIBEDU |b BIBEDU |d 2019-11-21 |i 3885577 |o 371.1 AVA 2002 |p 3885577 |r 2019-11-21 |w 2019-11-21 |y BK |k BME | ||
| 952 | |0 0 |1 0 |4 0 |6 371_100000000000000_AVA_2002 |7 0 |8 A |9 364200 |a BIBEDU |b BIBEDU |d 2019-11-21 |i 3882128 |o 371.1 AVA 2002 |p 3882128 |r 2019-11-21 |w 2019-11-21 |y BK |k EDU | ||
| 952 | |0 0 |1 0 |4 0 |6 371_100000000000000_AVA_2002 |7 0 |8 A |9 364201 |a BIBEDU |b BIBEDU |d 2019-11-21 |i 3882136 |o 371.1 AVA 2002 |p 3882136 |r 2019-11-21 |w 2019-11-21 |y BK |k EDU | ||
| 952 | |0 0 |1 0 |4 0 |6 371_100000000000000_AVA_2002 |7 0 |8 A |9 364202 |a BIBEDU |b BIBEDU |d 2019-11-21 |i 3882144 |o 371.1 AVA 2002 |p 3882144 |r 2019-11-21 |w 2019-11-21 |y BK |k EDU | ||
| 952 | |0 0 |1 0 |4 0 |6 371_100000000000000_AVA_2002 |7 0 |8 A |9 364203 |a BIBEDU |b BIBEDU |d 2019-11-21 |i 3882152 |o 371.1 AVA 2002 |p 3882152 |r 2019-11-21 |w 2019-11-21 |y BK |k EDU | ||
| 952 | |0 0 |1 0 |4 0 |6 371_100000000000000_AVA_2002 |7 0 |8 A |9 364204 |a BIBEDU |b BIBEDU |d 2019-11-21 |i 3882160 |o 371.1 AVA 2002 |p 3882160 |r 2019-11-21 |w 2019-11-21 |y BK |k EDU | ||
| 952 | |0 0 |1 0 |4 0 |6 371_100000000000000_AVA_2002 |7 0 |8 A |9 364205 |a BIBEDU |b BIBEDU |d 2019-11-21 |i 3882179 |o 371.1 AVA 2002 |p 3882179 |r 2019-11-21 |w 2019-11-21 |y BK |k EDU | ||
| 952 | |0 0 |1 0 |4 0 |6 371_100000000000000_AVA_2002 |7 0 |8 A |9 364206 |a BIBEDU |b BIBEDU |d 2019-11-21 |i 3882187 |o 371.1 AVA 2002 |p 3882187 |r 2019-11-21 |w 2019-11-21 |y BK |k EDU | ||
| 952 | |0 0 |1 0 |4 0 |6 371_100000000000000_AVA_2002 |7 0 |8 A |9 364207 |a BIBEDU |b BIBEDU |d 2019-11-21 |i 3882195 |l 2 |o 371.1 AVA 2002 |p 3882195 |r 2023-09-06 |s 2023-09-06 |w 2019-11-21 |y BK |k EDU | ||
| 952 | |0 0 |1 0 |4 0 |6 371_100000000000000_AVA_2002 |7 0 |8 A |9 364208 |a BIBEDU |b BIBEDU |d 2019-11-21 |i 3882209 |o 371.1 AVA 2002 |p 3882209 |r 2019-11-21 |w 2019-11-21 |y BK |k EDU | ||
| 952 | |0 0 |1 0 |4 0 |6 371_100000000000000_AVA_2002 |7 0 |8 A |9 364209 |a BIBEDU |b BIBEDU |d 2019-11-21 |i 3882217 |o 371.1 AVA 2002 |p 3882217 |r 2019-11-21 |w 2019-11-21 |y BK |k EDU | ||
| 952 | |0 0 |1 0 |4 0 |6 371_100000000000000_AVA_2002 |7 0 |8 A |9 364210 |a BIBEDU |b BIBEDU |d 2019-11-21 |i 3882225 |o 371.1 AVA 2002 |p 3882225 |r 2019-11-21 |w 2019-11-21 |y BK |k EDU | ||
| 952 | |0 0 |1 0 |4 0 |6 371_100000000000000_AVA_2002 |7 0 |8 A |9 364211 |a BIBEDU |b BIBEDU |d 2019-11-21 |i 3882233 |o 371.1 AVA 2002 |p 3882233 |r 2019-11-21 |w 2019-11-21 |y BK |k EDU | ||
| 952 | |0 0 |1 0 |4 0 |6 371_100000000000000_AVA_2002 |7 0 |8 A |9 364212 |a BIBEDU |b BIBEDU |d 2019-11-21 |i 3882241 |o 371.1 AVA 2002 |p 3882241 |r 2019-11-21 |w 2019-11-21 |y BK |k EDU | ||
| 952 | |0 0 |1 0 |4 0 |6 371_100000000000000_AVA_2002 |7 0 |8 A |9 364213 |a BIBEDU |b BIBEDU |d 2019-11-21 |i 388225K |o 371.1 AVA 2002 |p 388225K |r 2019-11-21 |w 2019-11-21 |y BK |k EDU | ||
| 952 | |0 0 |1 0 |4 0 |6 371_100000000000000_AVA_2002 |7 0 |8 A |9 364214 |a BIBEDU |b BIBEDU |d 2019-11-21 |i 3882268 |o 371.1 AVA 2002 |p 3882268 |r 2019-11-21 |w 2019-11-21 |y BK |k EDU | ||